[Event "Werfen Open"]
[Site "Werfen"]
[Date "1995.??.??"]
[Round "5"]
[White "Zontakh, Andrey"]
[Black "Klovans, Janis"]
[Result "1/2-1/2"]
[WhiteElo "2460"]
[BlackElo "2500"]
[PlyCount "70"]
[EventDate "1995.09.??"]
[Source "www.chesslib.no"]
[SourceDate "2004.05.04"]

1. e4 e5 2. Nf3 Nc6 3. Bb5 a6 4. Ba4 d6 5. c3 Nf6 6. d4 Bd7 7. O-O g6 8. Re1 Bg7 9. Bg5 O-O 10. Nbd2 h6 11. Bh4 Qe8 12. Bc2 Nh5 13. dxe5 Nxe5 14. Nxe5 Qxe5 15. Qf3 Rae8 16. Nc4 Qf4 17. Qxf4 Nxf4 18. f3 b5 19. Ne3 b4 20. cxb4 Bxb2 21. Rab1 Bc3 22. Red1 Rb8 23. a3 Bd4 24. Re1 a5 25. Bg3 g5 26. Kh1 axb4 27. axb4 Rb7 28. Bxf4 gxf4 29. Nd5 Be5 30. Rec1 Rfb8 31. Bd3 c5 32. bxc5 Rxb1 33. Rxb1 Rxb1+ 34. Bxb1 dxc5 35. Bd3 Be6 1/2-1/2

[Event "Open"]
[Site "Werfen op"]
[Date "1995.??.??"]
[Round "5"]
[White "Zontakh, Andrey"]
[Black "Klovans, Janis"]
[Result "1/2-1/2"]
[WhiteElo "2460"]
[BlackElo "2500"]
[PlyCount "70"]
[EventDate "1995.??.??"]
[Source "www.chesslib.no"]
[SourceDate "2004.05.04"]

1. e4 e5 2. Nf3 Nc6 3. Bb5 a6 4. Ba4 d6 5. c3 Nf6 6. d4 Bd7 7. O-O g6 8. Re1 Bg7 9. Bg5 O-O 10. Nbd2 h6 11. Bh4 Qe8 12. Bc2 Nh5 13. dxe5 Nxe5 14. Nxe5 Qxe5 15. Qf3 Rae8 16. Nc4 Qf4 17. Qxf4 Nxf4 18. f3 b5 19. Ne3 b4 20. cxb4 Bxb2 21. Rab1 Bc3 22. Red1 Rb8 23. a3 Bd4 24. Re1 a5 25. Bg3 g5 26. Kh1 axb4 27. axb4 Rb7 28. Bxf4 gxf4 29. Nd5 Rb6 30. Rec1 Rfb8 31. Bd3 Re8 32. Rd1 c5 33. Ra1 cxb4 34. Ra3 b3 35. Raa1 Rc6 1/2-1/2

[Event "Stockholm"]
[Site "Stockholm"]
[Date "1995.??.??"]
[Round "4"]
[White "Ernst, Thomas"]
[Black "Davies, Nigel R"]
[Result "1/2-1/2"]
[WhiteElo "2455"]
[BlackElo "2505"]
[PlyCount "42"]
[EventDate "1995.08.??"]
[Source "ChessBase"]

1. e4 e5 2. Nf3 Nc6 3. Bb5 a6 4. Ba4 d6 5. c3 Bd7 6. d4 Nf6 7. Nbd2 Qe7 8. O-O g6 9. Re1 Bg7 10. Nf1 O-O 11. Ng3 Rfe8 12. h3 Na5 13. Bc2 c5 14. d5 b5 15. b3 c4 16. Be3 cxb3 17. axb3 Nb7 18. b4 Rec8 19. Qd2 Be8 20. Ra3 a5 21. Rea1 a4 1/2-1/2

[Event "Camp. azerbagiano 2009"]
[Site "Baku AZE"]
[Date "2009.01.21"]
[Round "8"]
[White "Rasulov, Vugar"]
[Black "Safarli, Eltaj"]
[Result "0-1"]
[WhiteElo "2391"]
[BlackElo "2564"]
[PlyCount "75"]
[EventDate "2009.01.13"]
[Source "www.chesslib.no"]
[SourceDate "2004.05.04"]

1. e4 e5 2. Nf3 Nc6 3. Bb5 a6 4. Ba4 d6 5. c3 Bd7 6. O-O g6 7. d4 Bg7 8. Re1 b5 9. Bb3 Nf6 10. Bg5 h6 11. Bh4 O-O 12. a4 Rb8 13. axb5 axb5 14. Nbd2 Re8 15. dxe5 Nxe5 16. Nxe5 dxe5 17. Nf1 Rb6 18. Qc2 c5 19. c4 Qb8 20. Ra2 Nh5 21. Ne3 Nf4 22. Rd1 Rb7 23. cxb5 Bxb5 24. Nc4 Ne6 25. Nd6 Nd4 26. Nxe8 Bxe8 27. Rxd4 cxd4 28. Bd5 Rc7 29. Qd2 Qb4 30. Qd1 Ba4 31. Qf1 d3 32. b3 d2 33. Ra1 Bb5 34. Qd1 Be2 35. Be7 Qd4 36. Ra8+ Kh7 37. Bxf7 h5 38. Bg5 0-1

[Event "Cork"]
[Site "Cork"]
[Date "1981.??.??"]
[Round "?"]
[White "Timmerman, Gert Jan"]
[Black "Euwe, Max"]
[Result "1/2-1/2"]
[WhiteElo "2285"]
[BlackElo "2670"]
[PlyCount "45"]
[EventDate "1981.??.??"]
[Source "www.chesslib.no"]
[SourceDate "2004.05.04"]

1. e4 e5 2. Nf3 Nc6 3. Bb5 a6 4. Ba4 d6 5. c3 Bd7 6. d4 Nf6 7. O-O Qe7 8. Re1 g6 9. Nbd2 Bg7 10. Nf1 O-O 11. Bg5 h6 12. Bh4 Qe8 13. Bc2 Nh5 14. Ne3 Ne7 15. Qd2 f6 16. Rad1 Be6 17. c4 Qf7 18. d5 Bc8 19. c5 g5 20. cxd6 cxd6 21. Bg3 f5 22. exf5 Nxf5 23. Nc4 1/2-1/2

[Event "Rubinstein Memorial"]
[Site "Polanica Zdroj POL"]
[Date "1989.??.??"]
[Round "11"]
[White "Dvoirys, Semen I"]
[Black "Davies, Nigel R"]
[Result "1-0"]
[WhiteElo "2470"]
[BlackElo "2485"]
[PlyCount "67"]
[EventDate "1989.08.??"]
[Source "www.chesslib.no"]
[SourceDate "2004.05.04"]

1. e4 e5 2. Nf3 Nc6 3. Bb5 a6 4. Ba4 d6 5. c3 Bd7 6. O-O Nf6 7. d4 Qe7 8. Nbd2 g6 9. Re1 Bg7 10. Nf1 O-O 11. h3 h6 12. Ng3 Rae8 13. Bc2 Nh7 14. Be3 h5 15. Qd2 h4 16. Nf1 f5 17. exf5 gxf5 18. dxe5 dxe5 19. Bc5 Qxc5 20. Qxd7 e4 21. Nxh4 Ne5 22. Qd1 Rf6 23. Ne3 Ref8 24. Qd5+ Qxd5 25. Nxd5 Re6 26. Bb3 Kh8 27. f4 exf3 28. Nf4 Rd6 29. Rxe5 Bxe5 30. Nhg6+ Kg7 31. Nxe5 Re8 32. Nxf3 Re4 33. Nh5+ Kf8 34. Ng3 1-0

[Event "Rubinstein mem"]
[Site "Polanica Zdroj"]
[Date "1974.??.??"]
[Round "7"]
[White "Barczay, Laszlo"]
[Black "Knaak, Rainer"]
[Result "0-1"]
[WhiteElo "2440"]
[BlackElo "2515"]
[PlyCount "76"]
[EventDate "1974.08.??"]
[Source "ChessBase"]

1. e4 Nc6 2. Nf3 e5 3. Bb5 a6 4. Ba4 d6 5. O-O Bd7 6. d4 Nf6 7. c3 Qe7 8. Re1 g6 9. Nbd2 Bg7 10. Bxc6 Bxc6 11. Nc4 Nh5 12. Na5 O-O 13. Nxc6 bxc6 14. dxe5 dxe5 15. Qa4 Qc5 16. c4 Nf4 17. Be3 Qd6 18. Rad1 Qe6 19. Bxf4 exf4 20. e5 c5 21. Rd5 Qb6 22. Qc2 Rae8 23. h3 f6 24. e6 Rxe6 25. Rxe6 Qxe6 26. Rxc5 c6 27. Qa4 Rc8 28. Qxa6 Bf8 29. Rb5 Re8 30. Ra5 Bb4 31. Ra4 Bc5 32. Qa5 Qd6 33. Qd2 Qxd2 34. Nxd2 Re1+ 35. Nf1 Re2 36. Nh2 Rxf2 37. Ra8+ Kg7 38. Rd8 Rd2+ 0-1

[Event "Jurmala"]
[Site "Jurmala LAT"]
[Date "1978.??.??"]
[Round "2"]
[White "Vitolins, Alvis"]
[Black "Lutikov, Anatoly S"]
[Result "1/2-1/2"]
[WhiteElo "2415"]
[BlackElo "2540"]
[PlyCount "34"]
[EventDate "1978.??.??"]
[Source "www.chesslib.no"]
[SourceDate "2004.05.04"]

1. e4 e5 2. Nf3 Nc6 3. Bb5 a6 4. Ba4 d6 5. c3 Bd7 6. O-O Nf6 7. d4 Nxe4 8. Qe2 f5 9. dxe5 Nxe5 10. Bb3 Qe7 11. Nbd2 Nc5 12. Nxe5 dxe5 13. Nc4 e4 14. Bf4 Bb5 15. Rad1 Nxb3 16. axb3 Qe6 17. Bxc7 Rc8 1/2-1/2

[Event "Budapest Nuovo"]
[Site "Budapest HUN"]
[Date "1992.??.??"]
[Round "1"]
[White "Hazai, Laszlo"]
[Black "Lukacs, Peter"]
[Result "1/2-1/2"]
[WhiteElo "2460"]
[BlackElo "2490"]
[PlyCount "26"]
[EventDate "1992.01.??"]
[Source "www.chesslib.no"]
[SourceDate "2004.05.04"]

1. e4 e5 2. Nf3 Nc6 3. Bb5 a6 4. Ba4 d6 5. O-O Bd7 6. d4 Nf6 7. c3 Be7 8. d5 Nb8 9. Bxd7+ Nbxd7 10. Qe2 O-O 11. c4 Nh5 12. Nc3 Bf6 13. g3 g6 1/2-1/2

[Event "Budapest FS07 GM"]
[Site "Budapest"]
[Date "1993.??.??"]
[Round "5"]
[White "Fogarasi, Tibor"]
[Black "Davies, Nigel R"]
[Result "0-1"]
[WhiteElo "2440"]
[BlackElo "2505"]
[PlyCount "58"]
[EventDate "1993.07.??"]
[Source "ChessBase"]

1. e4 e5 2. Nf3 Nc6 3. Bb5 a6 4. Ba4 d6 5. O-O Nf6 6. c3 Bd7 7. Re1 g6 8. d4 b5 9. Bb3 Bg7 10. Nbd2 O-O 11. h3 Re8 12. Nf1 exd4 13. cxd4 Nxe4 14. Bxf7+ Kxf7 15. Rxe4 Rxe4 16. Ng5+ Kg8 17. Qb3+ Be6 18. Nxe6 Rxe6 19. Qxe6+ Kh8 20. d5 Ne5 21. a4 b4 22. Bd2 a5 23. Rb1 Qf8 24. h4 Nd3 25. Qe3 Qf5 26. Ng3 Qxd5 27. Qe7 Nxf2 28. Bg5 Ng4 29. Rf1 Qe5 0-1

[Event "Hoogovens-B"]
[Site "Wijk aan Zee NED"]
[Date "1974.01.??"]
[Round "5"]
[White "Tarjan, James E"]
[Black "Ciocaltea, Viktor"]
[Result "0-1"]
[WhiteElo "2475"]
[BlackElo "2470"]
[PlyCount "58"]
[EventDate "1974.01.??"]
[Source "www.chesslib.no"]
[SourceDate "2004.05.04"]

1. e4 e5 2. Nf3 Nc6 3. Bb5 a6 4. Ba4 d6 5. c3 Bd7 6. d4 Nf6 7. O-O Qe7 8. Re1 g6 9. Nbd2 Bg7 10. a3 O-O 11. b4 Nh5 12. Bb2 Nf4 13. Nf1 f5 14. exf5 Bxf5 15. Bb3+ Kh8 16. Ne3 Be4 17. Qd2 Nxg2 18. Nxg2 Bxf3 19. d5 Qd7 20. Bd1 e4 21. Bxf3 exf3 22. Ne3 Qh3 23. c4 Rf4 24. Bxg7+ Kxg7 25. dxc6 Kf8 26. cxb7 Rb8 27. Qc3 Kg8 28. Qd3 Rg4+ 29. Kh1 Rh4 0-1

[Event "DSV-Turnier"]
[Site "Halle"]
[Date "1981.??.??"]
[Round "6"]
[White "Hazai, Laszlo"]
[Black "Knaak, Rainer"]
[Result "1/2-1/2"]
[WhiteElo "2450"]
[BlackElo "2495"]
[PlyCount "114"]
[EventDate "1981.06.??"]
[Source "ChessBase"]

1. e4 Nc6 2. Nf3 e5 3. Bb5 a6 4. Ba4 d6 5. O-O Bd7 6. d4 Nf6 7. c3 Qe7 8. Re1 g6 9. Nbd2 Bg7 10. Nf1 O-O 11. Bg5 h6 12. Bh4 Rfe8 13. Ne3 g5 14. Bg3 exd4 15. Nd5 Qd8 16. Nxf6+ Qxf6 17. Nxd4 b5 18. Nxc6 bxa4 19. e5 Qe6 20. Nd4 Qc4 21. exd6 f5 22. f3 c5 23. Nc2 f4 24. Bf2 Rxe1+ 25. Nxe1 Rc8 26. Qd3 Qe6 27. Qxa6 c4 28. Nc2 g4 29. Re1 Qg6 30. Qb7 gxf3 31. g3 fxg3 32. hxg3 Qxd6 33. Ne3 Rb8 34. Qxf3 Rf8 35. Qd5+ Qxd5 36. Nxd5 Rb8 37. Re7 Bg4 38. Ne3 Bf6 39. Re4 Bh5 40. Nxc4 a3 41. bxa3 Bxc3 42. Bd4 Bxd4+ 43. Rxd4 Bf7 44. Kf2 Ra8 45. Ne5 Bxa2 46. Rd3 Kg7 47. Ke3 Kf6 48. Nd7+ Kg5 49. Nc5 Bb1 50. Rc3 Kg4 51. Kf2 Ba2 52. Rd3 Rc8 53. Rd4+ Kf5 54. Rd2 Bc4 55. Na4 Bb3 56. Nb2 Ke4 57. Nd1 Ba4 1/2-1/2

[Event "New York op"]
[Site "New York"]
[Date "1994.??.??"]
[Round "9"]
[White "Ivanov, Alexander"]
[Black "Bonin, Jay R"]
[Result "1-0"]
[WhiteElo "2555"]
[BlackElo "2380"]
[PlyCount "125"]
[EventDate "1994.03.??"]
[Source "ChessBase"]

1. e4 e5 2. Nf3 Nc6 3. Bb5 a6 4. Ba4 d6 5. O-O Bd7 6. d4 Nf6 7. c3 Qe7 8. Re1 g6 9. d5 Nd8 10. c4 Bg7 11. Nc3 O-O 12. Bg5 Qe8 13. Bc2 Kh8 14. Ne2 Ng8 15. Ng3 f6 16. Bd2 Nf7 17. b4 Bh6 18. Bc3 Ne7 19. c5 Qb8 20. Nd2 Qa7 21. Nb3 Rad8 22. a4 Qb8 23. Qe2 c6 24. dxc6 Nxc6 25. Red1 Be6 26. Nf1 Bxb3 27. Bxb3 dxc5 28. bxc5 Nd4 29. Bxd4 exd4 30. Bd5 Qc7 31. Qc4 Ne5 32. Qxd4 Nd7 33. a5 Nxc5 34. Qb4 Rc8 35. Ra2 Rfe8 36. Rc2 Qe7 37. Rb1 Rc7 38. Qb6 Rec8 39. Rc4 Kg7 40. g3 Kh8 41. Qb4 Bf8 42. Ne3 Qd8 43. Qd2 Nb3 44. Rxb3 Rxc4 45. Nxc4 Rxc4 46. Rxb7 Rxe4 47. Rxh7+ Kxh7 48. Bg8+ Kxg8 49. Qxd8 Re6 50. Qd5 Kf7 51. h4 Ke7 52. Qb7+ Ke8 53. Qh7 f5 54. h5 gxh5 55. Qxh5+ Ke7 56. Qxf5 Bg7 57. Qc5+ Rd6 58. Qa7+ Ke8 59. Kg2 Bd4 60. Qb8+ Ke7 61. f4 Kd7 62. Qb7+ Ke6 63. Kf3 1-0

[Event "Dubna"]
[Site "Dubna"]
[Date "1976.??.??"]
[Round "?"]
[White "Gipslis, Aivars P"]
[Black "Kostro, Jerzy"]
[Result "1-0"]
[WhiteElo "2535"]
[BlackElo "2400"]
[PlyCount "45"]
[EventDate "1976.??.??"]
[Source "www.chesslib.no"]
[SourceDate "2004.05.04"]

1. e4 e5 2. Nf3 Nc6 3. Bb5 a6 4. Ba4 Nf6 5. d4 exd4 6. O-O d6 7. Nxd4 Bd7 8. Bxc6 bxc6 9. Nc3 Be7 10. Bf4 O-O 11. e5 Ne8 12. Re1 d5 13. Nb3 a5 14. Na4 f6 15. e6 Bc8 16. Nd4 Bb7 17. Re3 c5 18. Nf5 d4 19. Rg3 Kh8 20. Qh5 Qd5 21. Qxh7+ Kxh7 22. Rh3+ Kg6 23. Nxe7# 1-0

[Event "Katowice Open"]
[Site "Katowice POL"]
[Date "1991.??.??"]
[Round "2"]
[White "Sedyshev, Vasily"]
[Black "Balashov, Yuri S"]
[Result "0-1"]
[WhiteElo "2350"]
[BlackElo "2580"]
[PlyCount "96"]
[EventDate "1991.??.??"]
[Source "www.chesslib.no"]
[SourceDate "2004.05.04"]

1. e4 e5 2. Nf3 Nc6 3. Bb5 a6 4. Ba4 Nf6 5. O-O d6 6. c3 Be7 7. d4 O-O 8. Bxc6 bxc6 9. dxe5 Nxe4 10. Nd4 dxe5 11. Nxc6 Qd6 12. Qd5 Bf5 13. Qxe5 Qxc6 14. Qxf5 Rad8 15. Qf3 Qd5 16. Be3 f5 17. Bf4 g5 18. Bxc7 Rd7 19. Bb6 Qb5 20. Qe3 Qxb2 21. f3 Rd3 22. Qxd3 Qxb6+ 23. Kh1 Ng3+ 24. hxg3 Bc5 25. Qd5+ Rf7 26. Qxc5 Qxc5 27. Rd1 Qb6 28. Nd2 Rf6 29. Nf1 Rh6+ 30. Nh2 Qc7 31. Kg1 Qxg3 32. Rd8+ Kf7 33. Nf1 Qc7 34. Rad1 Qc5+ 35. R8d4 Re6 36. R1d3 Re1 37. Kf2 Rc1 38. Ne3 f4 39. Nd1 Rc2+ 40. Kf1 h6 41. a4 Kg6 42. Re4 Kh5 43. Red4 Qa3 44. Rd2 Rxd2 45. Rxd2 Qxa4 46. Nb2 Qb3 47. c4 a5 48. c5 a4 0-1

[Event "Buna-Turnier"]
[Site "Halle"]
[Date "1981.??.??"]
[Round "11"]
[White "Hazai, Laszlo"]
[Black "Knaak, Rainer"]
[Result "1-0"]
[WhiteElo "2430"]
[BlackElo "2490"]
[PlyCount "80"]
[EventDate "1981.12.07"]
[Source "ChessBase"]

1. e4 Nc6 2. Nf3 e5 3. Bb5 a6 4. Ba4 d6 5. O-O Bd7 6. d4 Nf6 7. c3 Qe7 8. d5 Nd8 9. Bxd7+ Nxd7 10. c4 g6 11. Be3 Bg7 12. Ne1 f5 13. f3 h5 14. Nd3 f4 15. Bf2 g5 16. Nd2 Bh6 17. c5 dxc5 18. Rc1 b6 19. b4 g4 20. bxc5 g3 21. Be1 bxc5 22. Qa4 O-O 23. h3 Nf7 24. Qc6 Qd6 25. Nb3 Rfb8 26. Ba5 Ra7 27. Ndxc5 Qxc6 28. dxc6 Nxc5 29. Nxc5 Bf8 30. Nb7 Rc8 31. Rfd1 Ba3 32. Rb1 Nd6 33. Kf1 Nxb7 34. cxb7 Rb8 35. Bxc7 Rbxb7 36. Bxe5 Rxb1 37. Rxb1 Rf7 38. Rb8+ Kh7 39. Rc8 Be7 40. Rc7 Kg8 1-0

[Event "Moscow op2"]
[Site "Moscow"]
[Date "1995.??.??"]
[Round "4"]
[White "Galkin, Alexander"]
[Black "Balashov, Yuri S"]
[Result "1/2-1/2"]
[WhiteElo "2430"]
[BlackElo "2490"]
[PlyCount "26"]
[EventDate "1995.11.??"]
[Source "ChessBase"]

1. e4 e5 2. Nf3 Nc6 3. Bb5 a6 4. Ba4 d6 5. O-O Bd7 6. d4 Nf6 7. c3 g6 8. Nbd2 Qe7 9. Bc2 Bg7 10. dxe5 Nxe5 11. Nxe5 dxe5 12. a4 O-O 13. Nc4 Rad8 1/2-1/2